01188 a2200217 4500003000500000005001700005010001600022020001500038040000900053082001200062100002100074245007400095250002100169260003100190300006200221505054400283650001900827700002200846700002800868856007400896Nust20240308093936.0 a 92024917 a0471548049 cNust00a530,RES1 aHalliday, David,10aPhysics Volume-2 /cDavid Halliday, Robert Resnick, Kenneth S. Krane. a4th ed. Volume-2 aNew York :bWiley,cc1992. a1216p, v. (various pagings) :bill. (some col.) ;c29 cm. aElectric Charge And Coulomb’s Law (Page-593), The Electric Field (Page-605), Gauss’ Law (Page-627), Electric Potential (Page-651), Capacitors And Dielectrics (Page-677), Grating And Spectra (Page-985), Polarization (Page-1003), Light And Quantum Physics (Page-1021), The Wave Nature Of Matter (Page-1043), The Structure Of Atomic Hydrogen (Page-1069), Atomics Physics (Page-1095), Electrical Conduction In Solids (Page-1115), Nuclear Physics (Page-1141), Energy From The Nucleus (Page-1167), Particle Physics And Cosmology (Page-1189). 0aPhysics Vol-2.1 aKrane, Kenneth S.1 aResnick, Robert,d1923-4 3Table of Contentsuhttp://www.loc.gov/catdir/toc/onix05/92024917.html